000 00426nam a22001697a 4500
003 CEME
005 20210628205753.0
008 210316b xxu||||| |||| 00| 0 eng d
040 _c.
082 _a89.4393 BUT
100 _aButt, Muhammad Younas.Dr Muhammad Younas. Dr
_976980
245 _aJook dr jook
260 _aLAHORE
_bAL-RAZZAQ
_c1999
300 _a193P
650 _aURDU ADAB-FICTIONS
_965572
942 _cBK
_2ddc
999 _c582292
_d582292